| 000 | 00572nam a22001817a 4500 | ||
|---|---|---|---|
| 005 | 20240130132907.0 | ||
| 008 | 240130b |||||||| |||| 00| 0 eng d | ||
| 020 | _a9781485137900 | ||
| 041 | _aEnglish | ||
| 082 | _a346.6 CAS | ||
| 100 |
_aCassim, MF and Cassim FH _lEnglish |
||
| 245 |
_aLaw of Corporate Finance / _cMF Cassim and FH Cassim |
||
| 250 | _aFirst Edition | ||
| 260 |
_aCape Town : _bJuta and Company (Pty) Ltd, _c2021 |
||
| 300 |
_blxiv, 560 pages ; _c25,5 cm. |
||
| 650 |
_aLegal practice _bLaw |
||
| 942 |
_cBK _6ALISON_BN_VRIES |
||
| 999 |
_c1309 _d1309 |
||